Sports Quiz

Random Sports or German Quiz

Bundesliga 1000's Quiz Stats

 Plays Quiz not verified by Sporcle

Also try: La Liga 1000's
Challenge
Share
Tweet
Embed
Score 0/71 Timer 04:00
0 Plays Today
Hint Answer % Correct
Played 1000 or more Bundesliga games?FC Bayern Munich
99.7%
Scored 1000 or more Bundesliga goals?FC Bayern Munich
99.7%
Conceded 1000 or more Bundesliga goals?FC Bayern Munich
99.7%
Gained 1000 or more Bundesliga points?FC Bayern Munich
99.7%
Played 1000 or more Bundesliga games?Borussia Dortmund
99.4%
Scored 1000 or more Bundesliga goals?Borussia Dortmund
99.4%
Conceded 1000 or more Bundesliga goals?Borussia Dortmund
99.4%
Gained 1000 or more Bundesliga points?Borussia Dortmund
99.4%
Played 1000 or more Bundesliga games?Hamburger SV
93.8%
Scored 1000 or more Bundesliga goals?Hamburger SV
93.8%
Conceded 1000 or more Bundesliga goals?Hamburger SV
93.8%
Gained 1000 or more Bundesliga points?Hamburger SV
93.8%
Played 1000 or more Bundesliga games?FC Schalke 04
92.5%
Scored 1000 or more Bundesliga goals?FC Schalke 04
92.5%
Conceded 1000 or more Bundesliga goals?FC Schalke 04
92.5%
Gained 1000 or more Bundesliga points?FC Schalke 04
92.5%
Played 1000 or more Bundesliga games?SV Werder Bremen
89.4%
Scored 1000 or more Bundesliga goals?SV Werder Bremen
89.4%
Conceded 1000 or more Bundesliga goals?SV Werder Bremen
89.4%
Gained 1000 or more Bundesliga points?SV Werder Bremen
89.4%
Played 1000 or more Bundesliga games?Vfb Stuttgart
86.9%
Scored 1000 or more Bundesliga goals?Vfb Stuttgart
86.9%
Conceded 1000 or more Bundesliga goals?Vfb Stuttgart
86.9%
Gained 1000 or more Bundesliga points?Vfb Stuttgart
86.9%
Played 1000 or more Bundesliga games?Bayer 04 Leverkusen
86.6%
Scored 1000 or more Bundesliga goals?Bayer 04 Leverkusen
86.6%
Conceded 1000 or more Bundesliga goals?Bayer 04 Leverkusen
86.6%
Gained 1000 or more Bundesliga points?Bayer 04 Leverkusen
86.6%
Scored 1000 or more Bundesliga goals?Vfl Wolfsburg
83.5%
Conceded 1000 or more Bundesliga goals?Vfl Wolfsburg
82.4%
Played 1000 or more Bundesliga games?1. FC Köln
79.4%
Scored 1000 or more Bundesliga goals?1. FC Köln
79.4%
Conceded 1000 or more Bundesliga goals?1. FC Köln
79.4%
Gained 1000 or more Bundesliga points?1. FC Köln
79.4%
Played 1000 or more Bundesliga games?Eintracht Frankfurt
77.2%
Scored 1000 or more Bundesliga goals?Eintracht Frankfurt
77.2%
Hint Answer % Correct
Conceded 1000 or more Bundesliga goals?Eintracht Frankfurt
77.2%
Gained 1000 or more Bundesliga points?Eintracht Frankfurt
77.2%
Played 1000 or more Bundesliga games?Borussia Mönchengladbach
76.6%
Scored 1000 or more Bundesliga goals?Borussia Mönchengladbach
76.6%
Conceded 1000 or more Bundesliga goals?Borussia Mönchengladbach
76.6%
Gained 1000 or more Bundesliga points?Borussia Mönchengladbach
76.6%
Played 1000 or more Bundesliga games?Hertha BSC
75.9%
Scored 1000 or more Bundesliga goals?Hertha BSC
75.9%
Conceded 1000 or more Bundesliga goals?Hertha BSC
75.9%
Played 1000 or more Bundesliga games?1. FC Kaiserslautern
70.9%
Scored 1000 or more Bundesliga goals?1. FC Kaiserslautern
70.9%
Conceded 1000 or more Bundesliga goals?1. FC Kaiserslautern
70.9%
Gained 1000 or more Bundesliga points?1. FC Kaiserslautern
70.9%
Scored 1000 or more Bundesliga goals?Hannover 96
64.7%
Conceded 1000 or more Bundesliga goals?Hannover 96
64.7%
Gained 1000 or more Bundesliga points?Hannover 96
64.7%
Scored 1000 or more Bundesliga goals?1. FC Nürnberg
60.9%
Played 1000 or more Bundesliga games?1. FC Nürnberg
57.8%
Conceded 1000 or more Bundesliga goals?1. FC Nürnberg
57.8%
Gained 1000 or more Bundesliga points?1. FC Nürnberg
57.8%
Gained 1000 or more Bundesliga points?Hertha BSC
50.9%
Scored 1000 or more Bundesliga goals?Fortuna Düsseldorf
49.1%
Conceded 1000 or more Bundesliga goals?Fortuna Düsseldorf
49.1%
Played 1000 or more Bundesliga games?VfL Bochum
42.8%
Scored 1000 or more Bundesliga goals?VfL Bochum
42.8%
Conceded 1000 or more Bundesliga goals?VfL Bochum
42.8%
Gained 1000 or more Bundesliga points?VfL Bochum
42.8%
Scored 1000 or more Bundesliga goals?TSV 1860 München
42.2%
Conceded 1000 or more Bundesliga goals?TSV 1860 München
42.2%
Scored 1000 or more Bundesliga goals?MSV Duisburg
38.4%
Conceded 1000 or more Bundesliga goals?MSV Duisburg
38.4%
Gained 1000 or more Bundesliga points?MSV Duisburg
38.4%
Conceded 1000 or more Bundesliga goals?Eintracht Braunschweig
28.4%
Scored 1000 or more Bundesliga goals?Karlsruher SC
22.5%
Conceded 1000 or more Bundesliga goals?Karlsruher SC
12.2%

You're not logged in!

Compare scores with friends on all Sporcle quizzes.
Join for Free
OR
Log In

You Might Also Like...

Show Comments

Extras

Top Quizzes Today


Score Distribution

Your Account Isn't Verified!

In order to create a playlist on Sporcle, you need to verify the email address you used during registration. Go to your Sporcle Settings to finish the process.

Report this User

Report this user for behavior that violates our Community Guidelines.

Details: